| 000 | 00513nam a22001931a 4500 | ||
|---|---|---|---|
| 001 | 1938 | ||
| 003 | OSt | ||
| 005 | 20260204211753.0 | ||
| 008 | 040122s1998||||dr ||||||b||||||||||spa|| | ||
| 050 | _aRD 636.9322 C333c | ||
| 082 | _aRD636.9322 C333c | ||
| 111 | _aCentro para el Desarrollo Agropecuario | ||
| 245 | _aCrianza de conejo. | ||
| 264 | _aSanto Domingo : CEDAF | ||
| 300 | _a40 p. | ||
| 500 | _aIncluye bibliografías. | ||
| 650 | _a1.Conejo - Produción Animal 2.Cria - ConejoÌ | ||
| 942 |
_2ddc _cBK |
||
| 999 |
_c1938 _d1938 |
||